Normal view
MARC view
Entry Personal Name
001 - CONTROL NUMBER
- control field: 728497
003 - CONTROL NUMBER IDENTIFIER
- control field: OSt
005 - DATE AND TIME OF LATEST TRANSACTION
- control field: 20241129115842.0
008 - FIXED-LENGTH DATA ELEMENTS
- fixed length control field: 241129|| aca||aabn | a|a d
040 ## - CATALOGING SOURCE
- Original cataloging agency: OSt
- Transcribing agency: OSt
100 ## - HEADING--PERSONAL NAME
- Personal name: Ambrosio Vincenzo
670 ## - SOURCE DATA FOUND
- Source citation: Work cat.: (OSt)1232288: Ambrosio Vincenzo, Nonlinear fractional schrodinger equations in R N, 2021
